| 000 | 00510nam a2200157 i 4500 | ||
|---|---|---|---|
| 001 | 24422 | ||
| 003 | ES-MaACL | ||
| 005 | 20230906153039.0 | ||
| 007 | t| | ||
| 008 | 021217s1913 sp ||||1| spa d | ||
| 100 | 1 |
_aAnadón Laplaza, Santos. _921369 |
|
| 245 | 1 | 4 |
_aLos grupos de orden pm _b: . Construcción, fórmula general y representación analítica / _cSantos Anadón Laplaza. |
| 260 |
_aZaragoza : _b[s.n., _c1913] ( _fTip. de G. Casañal) |
||
| 502 | _aTesis doctoral. | ||
| 852 |
_aES-MaACL _jT-1368-F-2 |
||
| 999 |
_c24422 _d24422 |
||